| 000 | 01581cam a2200289 a 4500 | ||
|---|---|---|---|
| 001 | 15007948 | ||
| 003 | CEME | ||
| 005 | 20210628201558.0 | ||
| 008 | 070914s2007 njua 001 0 eng | ||
| 010 | _a 2007038103 | ||
| 020 | _a9780471789086 (paper/cdrom) | ||
| 040 |
_aDLC _cDLC _dDLC |
||
| 050 | 0 | 0 |
_aHG106 _b.S458 2007 |
| 082 | 0 | 0 |
_a332.0285/5362 _222 |
| 100 | 1 |
_aSengupta, Chandan _d1946- _955924 |
|
| 245 | 1 | 0 |
_aFinancial modeling using C++ (+ CD) _cChandan Sengupta. |
| 260 |
_aHoboken, N.J. : _bJ. Wiley & Sons, _cc2007. |
||
| 300 |
_aix, 565 p. : _bill. ; _c24 cm. + 1 CD-ROM (4 3/4 in.) |
||
| 500 | _aIncludes index. | ||
| 505 | 0 | _aOverview of programming and C++ -- A first look at C++ -- Variables, constants, and arrays -- Operators -- Inputs and outputs -- Program flow control: branching -- Program flow control : looping -- Functions -- Strings -- Pointers -- Debugging -- The model development process -- Time value of money -- Options and the Black-Scholes model -- Binomial trees -- Simulations -- Overview of advanced C++ -- Class and encapsulation -- Inheritance -- Polymorphism -- Templates and vectors. | |
| 650 | 0 |
_aFinance _xMathematical models. _955925 |
|
| 650 | 0 |
_aC++ (Computer program language) _91810 |
|
| 856 | 4 | 2 |
_3Contributor biographical information _uhttp://www.loc.gov/catdir/enhancements/fy0743/2007038103-b.html |
| 856 | 4 | 2 |
_3Publisher description _uhttp://www.loc.gov/catdir/enhancements/fy0743/2007038103-d.html |
| 856 | 4 | 1 |
_3Table of contents only _uhttp://www.loc.gov/catdir/enhancements/fy0743/2007038103-t.html |
| 942 |
_2ddc _cBK |
||
| 999 |
_c566528 _d566528 |
||